Statistics for The Winter Soldier's Trigger Words (MCU)

Click here to take the quiz!

General Stats

  • This quiz has been taken 533 times
  • The average score is 4 of 10

Answer Stats

Answer% Correct
one
60%
homecoming
58%
freight car
50%
seventeen
49%
nine
40%
longing
38%
rusted
34%
daybreak
26%
furnace
22%
benign
21%

Score Distribution

Percentile by Number Answered

Percent of People with Each Score

Your Score History

You have not taken this quiz